[Event "POL Academic Cup 2nd"]
[Site "Wroclaw"]
[Date "2007.04.30"]
[Round "4"]
[White "Pacholec, Tomasz"]
[Black "Idczak, Rafal"]
[Result "1-0"]
[WhiteElo "2000"]
[BlackElo "1856"]
[PlyCount "79"]
[EventDate "2007.04.28"]
[EventType "swiss"]
[EventRounds "9"]
[EventCountry "POL"]
[SourceTitle "EXT 2011"]
[Source "ChessBase"]
[SourceDate "2010.11.26"]
[SourceVersion "1"]
[SourceVersionDate "2010.11.26"]
[SourceQuality "1"]

1. d4 Nf6 2. c4 g6 3. Nc3 d5 4. cxd5 Nxd5 5. e4 Nxc3 6. bxc3 Bg7 7. Bb5+ Nc6 8. Bxc6+ bxc6 9. Qa4 Bd7 10. Qc4 0-0 11. Ne2 e5 12. 0-0 Re8 13. f3 Be6 14. Qc5 Qd6 15. Ba3 Bf8 16. Rfd1 Qxc5 17. Bxc5 Bxc5 18. dxc5 Red8 19. a3 Rxd1+ 20. Rxd1 Rb8 21. Nc1 Kf8 22. Nd3 Rd8 23. Kf2 Bc4 24. Ke3 Ke7 25. Nb2 Rxd1 26. Nxd1 f5 27. g3 Kf6 28. Nb2 Bb5 29. c4 Ba6 30. Kd3 Bc8 31. Nd1 Be6 32. Ne3 h6 33. h4 f4 34. gxf4 exf4 35. Nc2 g5 36. hxg5+ Kxg5 37. Nd4 Bd7 38. e5 Be8 39. Ne6+ Kf5 40. Ng7+ 1-0

[Event "POL Academic Cup 2nd"]
[Site "Wroclaw"]
[Date "2007.04.29"]
[Round "3"]
[White "Ryszkiewicz, Anna"]
[Black "Pacholec, Tomasz"]
[Result "0-1"]
[WhiteElo "1723"]
[BlackElo "2000"]
[PlyCount "68"]
[EventDate "2007.04.28"]
[EventType "swiss"]
[EventRounds "9"]
[EventCountry "POL"]
[SourceTitle "EXT 2011"]
[Source "ChessBase"]
[SourceDate "2010.11.26"]
[SourceVersion "1"]
[SourceVersionDate "2010.11.26"]
[SourceQuality "1"]

1. e4 c5 2. Nf3 e6 3. d4 cxd4 4. Nxd4 a6 5. Nc3 Qc7 6. Be3 Nf6 7. f3 Be7 8. Qd2 0-0 9. 0-0-0 Nc6 10. g4 d6 11. h4 Nxd4 12. Bxd4 e5 13. Be3 Be6 14. h5 Nd7 15. g5 f5 16. exf5 Bxf5 17. Qd5+ Kh8 18. g6 Nf6 19. Qd2 d5 20. h6 Rfc8 21. hxg7+ Kxg7 22. gxh7 Kh8 23. Bg5 d4 24. Bxf6+ Bxf6 25. Ne4 Bxe4 26. Bd3 Bxd3 27. Qxd3 Bg7 28. Rdg1 Rf8 29. Rg2 Rf7 30. Rh3 Qd6 31. Rhg3 Qc6 32. Qb3 Rxf3 33. Rxg7 Rxb3 34. Rg8+ Kxh7 0-1

[Event "Polanica Zdroj op-B 41st"]
[Site "Polanica Zdroj"]
[Date "2005.08.25"]
[Round "7"]
[White "Pacholec, Tomasz"]
[Black "Panbukczijan, Aris"]
[Result "0-1"]
[WhiteElo "1927"]
[BlackElo "2092"]
[PlyCount "44"]
[EventDate "2005.08.19"]
[EventType "swiss"]
[EventRounds "10"]
[EventCountry "POL"]
[SourceTitle "CBM 108 Extra"]
[Source "ChessBase"]
[SourceDate "2005.11.04"]
[SourceVersion "1"]
[SourceVersionDate "2005.11.04"]
[SourceQuality "1"]

1. d4 f5 2. Nf3 Nf6 3. c4 g6 4. g3 Bg7 5. Bg2 d6 6. 0-0 0-0 7. Nc3 Qe8 8. Re1 Qf7 9. Qd3 h6 10. Nh4 Nc6 11. f4 e5 12. dxe5 dxe5 13. e4 Rd8 14. Nd5 exf4 15. exf5 g5 16. Ng6 Ng4 17. Nde7+ Kh7 18. Bd5 Qf6 19. Kg2 Nxe7 20. Rxe7 c6 21. Rf7 Qxf7 22. f6 Qxg6 0-1